000 00834nam a22002057a 4500
008 240522t2024 xxk|||||r|||| 00| 0 eng d
041 _aeng
110 _aRoyal Institution of Chartered Surveyors
245 _aLetter from Sir Clive Alderton to Justin Young
260 _bBuckingham Palace
_c3 May 2024
300 _a3p.
_benvelope
500 _aLetter from Sir Clive Alderton, Private Secretary to the King and Queen, addressed to Justin Young regarding the King's Patronage to the RICS dated 3rd May 2024.
650 _aROYAL PATRONAGE
650 _aKING'S PATRONAGE
651 _aInternational
690 _aRICS
_96277
710 _aRoyal Institution of Chartered Surveyors
856 _uhttps://www.rics.org/news-insights/king-charles-iii-becomes-royal-patron-of-rics
_zSee also press release on RICS.org
942 _n0
999 _c121938
_d121938